Thunderbolts* character to actor/actress - Click Quiz - Statistics

General Stats
  • This quiz has been taken 42 times
  • The average score is 7 of 9
Answer Stats
Hint Answer % Correct
David Harbour Alexei Shostakov/Red Guardian
100%
Sebastian Stan Bucky Barnes/Winter Soldier
97%
Florence Pugh Yelena Belova
91%
Lewis Pullman Bob/Robert Reynolds/Sentry/Void
88%
Wyatt Russell John Walker/U.S. Agent
84%
Hannah John-Kamen Ava Starr/Ghost
72%
Olga Kurylenko Antonia Dreykov/Taskmaster
66%
Julia Louis-Dreyfus Valentina Allegra de Fontaine
66%
Geraldine Viswanathan Mel Gold
56%
No matching quizzes found
Score Distribution
Percent of People with Each Score
Percentile by Number Answered
Your Score History
You have not taken this quiz